Constitutional law of the federal system

Gardado en:
Detalles Bibliográficos
Autor Principal: Pritchett, C. Herman (Author)
Formato: Libro
Idioma:inglés
Publicado: Englewood Cliffs Prentice-Hall 1984
Subjects:
Tags: Engadir etiqueta
Sen Etiquetas, Sexa o primeiro en etiquetar este rexistro!

MARC

LEADER 00000nam a2200000 a 4500
001 UCT9694
003 CL-VaPUC
008 970411e19840000us |||||||||||||||||eng|d
082 0 4 |a 342.73  |b PRI  |2 21 
100 0 |a Pritchett, C. Herman  |e author  |9 382620 
245 1 0 |a Constitutional law of the federal system 
300 |a 382 p 
942 |c BK 
945 |d 19970411 00:00:00  |a paguirre 
260 |a Englewood Cliffs  |b Prentice-Hall  |c 1984 
650 0 |a Derecho constitucional   |9 222588 
650 0 |a Federalismo  |9 313886 
650 0 |a Poder judicial  |9 254871 
650 0 |a Tribunales  |9 254872 
650 0 |a Poder legislativo  |9 258808 
650 0 |a Política fiscal  |9 317354 
651 0 |a Estados Unidos  |9 255178 
583 |a last modification  |c 20150428 02:39:01  |k Rodrigo Vera 
999 |c 258073  |d 258071 
952 |0 0  |1 0  |4 0  |6 342_730000000000000_PRI_1984  |7 0  |8 A  |9 281863  |a BIBDER  |b BIBDER  |d 2019-11-19  |i 1828746  |o 342.73 PRI 1984  |p 1828746  |r 2023-01-25  |w 2019-11-19  |y BK  |k DER